La segunda edad: las mujeres en la madurez vida, amor y sexo

Saved in:
Bibliografiske detaljer
Hovedforfatter: Fuchs, Estelle (Author)
Format: Bog
Sprog:spansk
Udgivet: Barcelona Grijalbo 1979
Serier:Colección relaciones humanas y sexología, 8
Fag:
Tags: Tilføj Tag
Ingen Tags, Vær først til at tagge denne postø!

MARC

LEADER 00000nam a2200000 a 4500
001 UCY9322
003 CL-VaPUC
008 950717e19790000SP |||||||||||||||||spa|d
082 0 4 |a 305.4  |b FUC  |2 21 
100 0 |a Fuchs, Estelle  |e author  |9 341385 
245 1 3 |a La segunda edad: las mujeres en la madurez vida, amor y sexo 
300 |a 410 p 
942 |c BK 
945 |d 19950717 00:00:00  |a mfernand 
260 |a Barcelona  |b Grijalbo  |c 1979 
650 0 |a Mujeres  |9 257649 
650 0 |a Sexo  |9 257818 
650 0 |a Comportamiento sexual  |9 334955 
650 0 |a Amor  |9 257817 
650 7 |a MADUREZ  |2 CL-VaPUC  |9 309002 
650 7 |a MENOPAUSIA  |2 CL-VaPUC  |9 335108 
650 7 |a ENVEJECIMIENTO  |2 CL-VaPUC  |9 341386 
650 0 |a Divorcio  |9 256204 
650 0 |a Viudas  |9 341387 
583 |a last modification  |c 19950717 00:00:00  |k Rodrigo Vera 
490 0 |a Colección relaciones humanas y sexología, 8 
999 |c 236434  |d 236432 
952 |0 0  |1 0  |4 0  |6 305_400000000000000_FUC_1979  |7 0  |8 P  |9 244519  |a BIBEDU  |b BIBEDU  |c BIBEDU_PB  |d 2019-11-18  |i 1530941  |o 305.4 FUC 1979  |p 1530941  |r 2024-01-25  |w 2019-11-18  |y BK  |k EDU